000 00543cam a2200193ua 4500
001 6882
008 140311n ii |||gr||||Z||||||asm
040 _cMAIN
082 _a338.7
245 _aByabashaya sangathan
_cBy Purna chandra Bordoloi
250 _a1st ed. /
_bVol II.
260 _aGuwahati:
_bAssam ucchatar madhyamik siksha sanshad,
_c1992.
300 _ax,143p.
653 _aProduction
653 _aByabashaya sangathan
700 _aBordoloi,Purna chandra,
_eAuthor.,
700 _aSharma,Umesh chandra,
_eAuthor.
942 _cBK
999 _c6028
_d6028